000 00823nas a2200265 4500
001 BR0901749
003 BR-BrBNA
005 20231205112630.0
007 ta
008 230509b bl.|||p| |||| 00| 00por d
040 _aBR-BrBNA
_bpor
_cBiblioteca Nacional de Agricultura
041 _a(Pt)
072 _aP10; P01
100 1 _aFrancisco, C.E. da S.
100 1 _aCoelho, R.M.
100 1 _aTorres, R.B.
100 1 _aAdami, S.F.
245 1 _aAnálise multicriterial na seleção de bacia hidrográfica para recuperação ambiental
650 _aBACIA HIDROGRÁFICA
650 _aPRESERVAÇÃO DA NATUREZA
650 _aSÃO PAULO
773 0 _tCiência Florestal (Brazil)
_xISSN 0103-9954
_g(Jan-Jun 2008), v. 18(1-2) p. 1-13
_wBR0901749
909 _a202311
_bLúcia
_c55
_dLúcia Elande
942 _2AGRIS
_n0
_cANA
999 _c199071
_d199071